| 000 | 00499nam a2200193 4500 | ||
|---|---|---|---|
| 001 | 2723 | ||
| 005 | 20181127165604.0 | ||
| 010 | 0 | 0 | _a |
| 020 | 0 | 0 | _a |
| 090 | 0 | 0 | _a954.98092 K5801p |
| 100 | 0 | 0 | _a |
| 245 | 0 | 0 |
_aPrecious prince of hearts. _b _c _h |
| 250 | 0 | 0 | _a |
| 260 | 0 | 0 |
_aN.p. : _bn.p., _cn.d. |
| 300 | 0 | 0 | _a44 p. ; col. |
| 500 | 0 | 0 | _aCD Available to Accompany Text. |
| 650 | 0 | 0 |
_aBhutan --Kings and rulers --Biography. _x |
| 650 | 0 | 0 |
_aJigme Gesar Namgyel Wangchuck̇, King of Bhutan, 1980. _x |
| 999 |
_c2182 _d2182 |
||